• 首页
  • 本馆介绍
  • 公告通知
  • 最新文献
  • 馆藏检索
  • 电子资源
  • 读者导购
  • 参考咨询
  • 我的图书馆
  • 登录
  • 详细信息显示
  • 放入我的书架
  • 预约/预借图书
  • 作者相关作品
  • 分类相关作品
  • 丛书相关作品
  • 出版社相关作品

书目信息

  • 表格格式
  • 工作单格式
  • 卡片格式
题名:
北京创新型城市建设理论、评价与实践研究
    
 
作者: 张士运 主编
分册:  
出版信息: 北京   华龄出版社  2013
页数: 283页
开本: 24cm
丛书名:
单 册:
中图分类: F299.271
科图分类:
主题词: 城市建设--研究--北京
电子资源:
ISBN: 978-7-5169-0350-6
000 00823nam0 2200229 450
001 523
005 20140909093737.07
010    @a978-7-5169-0350-6@dCNY40.00
100    @a20140707d2013 em y0chiy50 ea
101 0  @achi
102    @aCN@b110000
105    @ay z 000yy
106    @ar
200 1  @a北京创新型城市建设理论、评价与实践研究@ABei Jing Chuang Xin Xing Cheng Shi Jian She Li Lun、 Ping Jia Yu Shi Jian Yan Jiu@f张士运主编@FZhang Shi Yun Zhu Bian
210    @a北京@c华龄出版社@d2013
215    @a283页@d24cm
330    @a本书内容包括:创新型城市建设理论、北京创新型城市建设评价、创新型城市建设实践、北京创新型城市建设的政策建议。
606 0  @a城市建设@x研究@y北京
690    @aF299.271@v5
701  0 @a张士运@AZhang Shi Yun@4主编
801  0 @aCN@bTANGWEI@c20140603
905    @b0838729-31@dF299.271@e1187@f3
    
    北京创新型城市建设理论、评价与实践研究/张士运主编.-北京:华龄出版社,2013
    283页;24cm
    
    
    ISBN 978-7-5169-0350-6:CNY40.00
    本书内容包括:创新型城市建设理论、北京创新型城市建设评价、创新型城市建设实践、北京创新型城市建设的政策建议。
●
相关链接 在E读中查询图书 在五车中查询图书 在当当中查询图书 在豆瓣中查询图书


正题名:北京创新型城市建设理论、评价与实践研究     索取号:F299.271/1187         预约/预借

序号 登录号 条形码 馆藏地/架位号 状态 备注
1 0838729   208387299   第一样本阅览室/ [索取号:F299.271/1187] 在馆    
2 0838730   208387306   第一借阅区/ [索取号:F299.271/1187] 在馆    
3 0838731   208387315   密集书库-海洋学院/ [索取号:F299.271/1187] 在馆    
唐山师范学院图书馆 欢迎您!
大连网信软件有限公司© 版权所有